000 00675nam a2200265Ia 4500
005 20260121164958.0
008 008 260114s9999 xx 000 0 eng d
020 _a9781137449900
037 _aEBOOK
040 _aCRL
040 _beng
040 _cCRL
041 _2eng
041 _aeng
084 _qCRL
100 _aVirginia Langum
_91046026
245 0 _aMedicine and the Seven Deadly Sins in Late Medieval Literature and Culture
260 _bSpringer
260 _bSpringer
260 _c2016
856 _uhttps://link.springer.com/openurl?genre=book&isbn=978-1-137-44990-0
942 _cEBOOK
999 _c1611750
_d1611750